[Event "Match"]
[Site "www.echecsemail.com"]
[Date "2017.04.03"]
[Round "1"]
[White "Griffo30"]
[Black "Claymil"]
[WhiteElo "1499"]
[BlackElo "1499"]
[Result "1-0"]
[Round "1"]
1.e4 c5
2.b3 Nb8c6
3.Bc1b2 e5
4.Bf1c4 g6
5.Ng1f3 d6
6.Nb1c3 a6
7.a4 b6
8.O-O Ng8e7
9.Rf1e1 Bf8g7
10.Nc3e2 O-O
11.c3 Bc8b7
12.d4 exd4
13.cxd4 cxd4
14.Ne2xd4 Ra8c8
15.Nd4xc6 Rc8xc6
16.Bb2xg7 Kxg7
17.Qd1e2 a5
18.Ra1d1 h6
19.Bc4b5 Rc6c7
20.Nf3d4 Qd8c8
21.e5 dxe5
22.Qe2xe5 Kg8
23.Bb5c4 Ne7c6
24.Qe5f4 Kg7
25.h3 Rc7e7
26.Nd4b5 Re7xe1
27.Rd1xe1 Qc8d7
28.Nb5d6 Nc6d8
29.Qf4e5 Kh7
30.Nd6e8 Rf8xe8
31.Qe5xe8 Qd7c6
32.Qe8xc6 Bb7xc6
33.Re1e7 Kg7
34.f3 Kf6
35.Re7c7 Bc6e8
36.Rc7c8 Ke7
37.Rc8b8 Nd8c6
38.Rb8xb6 h5
39.Rb6b7 { resign }
1-0

[Event "Match"]
[Site "www.echecsemail.com"]
[Date "2017.04.03"]
[Round "1"]
[White "Ericleo1980"]
[Black "Chessington"]
[WhiteElo "2230"]
[BlackElo "1499"]
[Result "1/2-1/2"]
[Round "1"]
1.e4 e6
2.d4 d5
3.Nb1c3 Bf8b4
4.e5 c5
5.a3 Bb4xc3
6.bxc3 Ng8e7
7.Qd1g4 Qd8c7
8.Qg4xg7 Rh8g8
9.Qg7xh7 cxd4
10.Ng1e2 dxc3
11.f4 Nb8c6
12.Qh7d3 d4
13.Ne2xd4 Nc6xd4
14.Qd3xd4 Bc8d7
15.g3 Qc7c6
16.Rh1g1 Ne7f5
17.Qd4f2 Qc6e4
{ draw }
1/2-1/2

[Event "Match"]
[Site "www.echecsemail.com"]
[Date "2017.04.03"]
[Round "1"]
[White "Midknightblu"]
[Black "Enpassant"]
[WhiteElo "1629"]
[BlackElo "1299"]
[Result "0-1"]
[Round "1"]
1.e4 e5
2.Ng1f3 Nb8c6
3.Bf1c4 Bf8e7
4.O-O Ng8f6
5.d3 d5
6.exd5 Nf6xd5
7.Bc4b5 Bc8d7
8.c4 Nd5f6
9.Bb5xc6 Bd7xc6
10.Nf3xe5 Bc6d7
11.Nb1c3 O-O
12.Qd1f3 c6
13.Qf3g3 Be7d6
14.Bc1h6 Nf6h5
15.Ra1e1 Nh5xg3
16.hxg3 gxh6
17.Ne5f3 Rf8e8
18.Nc3e4 Bd6e5
19.b3 Bd7f5
20.Re1d1 Bf5xe4
21.dxe4 Qd8b6
22.Nf3h4 Be5xg3
23.Nh4f5 Bg3f4
24.Rf1e1 c5
25.Nf5h4 Ra8d8
26.g3 Bf4g5
27.Nh4f5 Bg5d2
28.Re1f1 Bd2g5
29.Rd1e1 h5
30.Kg2 Rd8d2
31.Re1a1 Re8xe4
32.Rf1d1 Qb6g6
33.Nf5e3 Bg5xe3
34.Rd1xd2 Be3xd2
35.Ra1d1 Re4e1
36.Rd1xd2 Qg6e4
37.f3 Re1e2
38.Kh3 Qe4xf3
39.Rd2xe2 Qf3xe2
{ resign }
0-1

[Event "Match"]
[Site "www.echecsemail.com"]
[Date "2017.04.03"]
[Round "1"]
[White "Bigrezi"]
[Black "Ericleo1980"]
[WhiteElo "1910"]
[BlackElo "2180"]
[Result "1/2-1/2"]
[Round "1"]
1.e4 c5
2.Nb1c3 d6
3.Ng1f3 Ng8f6
4.Bf1b5 Bc8d7
5.Bb5xd7 Nb8xd7
6.d4 cxd4
7.Nf3xd4 a6
8.O-O e6
9.Bc1e3 Bf8e7
10.f4 Qd8c7
11.f5 e5
12.Nd4b3 O-O
13.a3 Nd7b6
14.Be3xb6 Qc7xb6
15.Kh1 Ra8c8
16.Qd1e2 Rc8c7
17.Rf1f3 Qb6c6
18.Ra1d1 Rf8c8
19.Rf3h3 b5
20.Rh3g3 Qc6b6
21.Qe2e3 Qb6xe3
22.Rg3xe3 Nf6g4
23.Re3e2 Ng4f6
24.g3 Kf8
25.Kg1 Ke8
{ draw }
1/2-1/2

[Event "1/16 Finale"]
[Site "www.chess-mail.com"]
[Date "2017.04.03"]
[Round "1"]
[White "Yomismista"]
[Black "Egdiogel"]
[WhiteElo "2470"]
[BlackElo "2310"]
[Result "0-1"]
[Round "1"]
1.d4 d5
2.c4 c6
3.Nb1c3 Ng8f6
4.Ng1f3 a6
5.e3 e6
6.cxd5 cxd5
7.Bf1d3 Nb8c6
8.O-O Bf8e7
9.Bc1d2 O-O
10.Ra1c1 Bc8d7
11.a3 Ra8c8
12.Nf3e5 Rc8c7
13.f4 Nf6e8
14.f5 Bd7c8
15.Ne5xc6 Rc7xc6
16.fxe6 Bc8xe6
17.Nc3a4 Rc6xc1
18.Qd1xc1 Be7d6
19.Qc1e1 Ne8f6
20.Bd2b4 Nf6g4
21.h3 Bd6xb4
22.axb4 Ng4f6
23.Qe1g3 Rf8e8
24.Na4c5 Be6c8
25.b5 a5
26.Nc5a4 Qd8e7
27.Rf1f3 Bc8e6
28.b6 Nf6d7
29.Qg3c7 Qe7b4
30.Bd3c2 Qb4d2
31.Kh2 g6
32.Bc2b3 Qd2b4
 { time }
0-1

[Event "Tourn. n9287"]
[Site "www.chess-mail.com"]
[Date "2017.04.04"]
[Round "1"]
[White "Sozaro"]
[Black "Francesco"]
[WhiteElo "2089"]
[BlackElo "2040"]
[Result "1-0"]
[Round "1"]
1.e4 c5
2.Ng1f3 d6
3.d4 cxd4
4.Qd1xd4 Nb8c6
5.Bf1b5 Bc8d7
6.Qd4e3 Ng8f6
7.Nb1c3 g6
8.Bb5c4 Bf8g7
9.h3 O-O
10.O-O a6
11.a3 Ra8c8
12.Bc4a2 b5
13.Rf1d1 Rc8c7
14.e5 dxe5
15.Nf3xe5 Nc6xe5
16.Qe3xe5 Nf6g4
17.Qe5e1 Bg7xc3
18.bxc3 Ng4f6
19.Bc1f4 Rc7c8
20.Rd1d3 e6
21.Bf4g5 Kg7
22.Rd3f3 Qd8a5
23.Bg5xf6 Kg8
24.Qe1d2 Bd7c6
25.Qd2h6 { resign }
1-0

[Event "Tourn. n9306"]
[Site "www.chess-mail.com"]
[Date "2017.04.04"]
[Round "1"]
[White "Autmich"]
[Black "Hansen"]
[WhiteElo "1690"]
[BlackElo "1610"]
[Result "1-0"]
[Round "1"]
1.e4 e5
2.Ng1f3 Nb8c6
3.d4 exd4
4.Nf3xd4 Nc6e5
5.Nb1c3 Bf8b4
6.Bf1e2 Qd8h4
7.O-O Bb4d6
8.h3 h5
9.Nd4f5 Qh4f6
10.Nf5xd6 cxd6
11.Nc3b5 Ra8b8
12.Nb5xd6 Kd8
13.Bc1d2 Qf6xd6
14.Qd1e1 Ng8f6
15.Ra1d1 b6
16.Bd2h6 Qd6f8
17.Bh6f4 Qf8c5
18.Kh1 Nf6xe4
19.Be2d3 Ne4d6
20.Qe1xe5 Qc5xe5
21.Bf4xe5 Nd6e8
22.Be5xb8 a5
23.Rf1e1 Ne8f6
24.Bb8a7 Nf6d5
25.c4 Nd5b4
26.Ba7xb6 { resign }
1-0

[Event "Tourn. n9204"]
[Site "www.chess-mail.com"]
[Date "2017.04.04"]
[Round "1"]
[White "Tartan"]
[Black "Liencam2"]
[WhiteElo "2400"]
[BlackElo "2370"]
[Result "1-0"]
[Round "1"]
1.d4 Ng8f6
2.c4 c5
3.d5 b5
4.cxb5 a6
5.bxa6 g6
6.Nb1c3 Bc8xa6
7.e4 Ba6xf1
8.Kxf1 d6
9.Ng1f3 Bf8g7
10.g3 Nb8d7
11.Kg2 O-O
12.a4 Qd8c7
13.Nc3b5 Qc7b7
14.Qd1e2 Rf8b8
15.Ra1a3 Nf6e8
16.Nb5c3 Ra8a5
17.Qe2c2 Ne8c7
18.Rh1d1 Nd7b6
19.b3 Nc7a6
20.Qc2d2 Na6b4
21.Bc1b2 Nb6d7
22.h3 c4
23.Nc3b5 Bg7xb2
24.Qd2xb2 cxb3
25.Qb2xb3 Nb4a6
26.Qb3c3 Qb7b6
27.Nf3d4 Na6c5
28.Nd4c6 Nc5xe4
29.Qc3e1 Ra5xb5
30.axb5 { resign }
1-0

[Event "Tourn. n9177"]
[Site "www.chess-mail.com"]
[Date "2017.04.04"]
[Round "1"]
[White "Jackbauer"]
[Black "Osopanda"]
[WhiteElo "1960"]
[BlackElo "1960"]
[Result "0-1"]
[Round "1"]
1.e4 c5
2.f4 d6
3.Ng1f3 Nb8c6
4.h3 e6
5.Bf1b5 Bc8d7
6.O-O g6
7.Nb1c3 Ng8e7
8.a3 Bf8g7
9.Bb5xc6 Ne7xc6
10.d4 cxd4
11.Nc3e2 e5
12.c3 dxc3
13.Ne2xc3 O-O
14.Qd1b3 Qd8b6
15.Qb3xb6 axb6
16.Bc1e3 exf4
17.Be3xf4 Nc6e5
18.Ra1d1 Bd7c6
19.Rd1xd6 Ne5c4
20.Rd6d1 Nc4xb2
21.Rd1c1 Nb2d3
22.Bf4c7 Nd3xc1
23.Rf1xc1 Rf8c8
24.Bc7xb6 Ra8xa3
25.Nc3b1 Ra3b3
26.Bb6f2 Bg7b2
27.Rc1e1 Rc8e8
28.Nb1d2 Rb3d3
29.Re1e3 Rd3xe3
30.Bf2xe3 Bc6xe4
31.Nf3g5 Be4c6
32.Be3f2 h6
33.Ng5f3 Bc6xf3
34.gxf3 Re8e2
35.Nd2e4 f5
36.Ne4g3 Re2c2
37.f4 b5
38.h4 Kg7
39.Ng3f1 b4
40.Bf2e1 Bb2c3
41.Nf1e3 Rc2e2
42.Ne3d5 Bc3xe1
43.Kf1 Re2e4
44.Kg2 Be1xh4
45.Kh3 Bh4d8
46.Kg3 b3
47.Nd5c3 Re4e3
{ resign }
0-1

[Event "Tourn. n9239"]
[Site "www.chess-mail.com"]
[Date "2017.04.04"]
[Round "1"]
[White "Battlechess"]
[Black "Pachi"]
[WhiteElo "1490"]
[BlackElo "1540"]
[Result "0-1"]
[Round "1"]
1.e4 e5
2.Bf1c4 Qd8h4
3.d3 d6
4.Ng1f3 Qh4g4
5.O-O c6
6.Nf3g5 Bc8e6
7.Qd1xg4 Be6xg4
8.Bc4xf7 Kd8
9.Bf7xg8 Rh8xg8
10.Ng5xh7 Bf8e7
11.Nh7g5 Be7xg5
12.Bc1xg5 Kc7
13.h3 Bg4d7
14.Nb1d2 Nb8a6
15.a3 Na6c5
16.f4 Nc5a4
17.fxe5 dxe5
18.Rf1f7 Na4xb2
 { time }
0-1

[Event "Tourn. n9316"]
[Site "www.chess-mail.com"]
[Date "2017.04.04"]
[Round "1"]
[White "Chessington"]
[Black "Francesco"]
[WhiteElo "2110"]
[BlackElo "2140"]
[Result "1-0"]
[Round "1"]
1.d4 d5
2.Ng1f3 Bc8g4
3.Nf3e5 Bg4h5
4.g4 Bh5g6
5.h4 f6
6.Ne5xg6 hxg6
7.Qd1d3 Nb8c6
8.Qd3xg6 Kd7
9.c4 Kc8
10.cxd5 Qd8xd5
11.Rh1h3 Rh8h6
12.Bc1xh6 { resign }
1-0

[Event "Tourn. n9138"]
[Site "www.chess-mail.com"]
[Date "2017.04.04"]
[Round "1"]
[White "Numanoid"]
[Black "Conde7"]
[WhiteElo "2400"]
[BlackElo "2890"]
[Result "1/2-1/2"]
[Round "1"]
1.e4 e5
2.Ng1f3 Nb8c6
3.d4 exd4
4.Nf3xd4 Ng8f6
5.Nd4xc6 bxc6
6.e5 Qd8e7
7.Qd1e2 Nf6d5
8.c4 Bc8a6
9.Nb1d2 g6
10.Nd2f3 Qe7b4
11.Kd1 Ra8b8
12.Qe2c2 Nd5e7
13.b3 Bf8g7
14.Bc1d2 Qb4b6
15.c5 Qb6b7
16.Bf1xa6 Qb7xa6
17.Rh1e1 O-O
18.Qc2c4 Qa6a3
19.Nf3d4 Qa3b2
20.Nd4c2 Ne7d5
21.f4 a5
22.g3 Rf8e8
23.Ke2 Nd5b4
24.Bd2xb4 Rb8xb4
25.Qc4d3 Rb4b5
26.Re1b1 Re8xe5
27.fxe5 Qb2xe5
28.Kf3 Rb5xc5
29.Rb1e1 Qe5h5
30.Kg2 Qh5d5
31.Qd3xd5 Rc5xc2
32.Kh1 cxd5
33.Ra1c1 Rc2xa2
{ draw }
1/2-1/2

[Event "Tourn. n9269"]
[Site "www.chess-mail.com"]
[Date "2017.04.04"]
[Round "1"]
[White "Prize640"]
[Black "Paaliaq"]
[WhiteElo "2400"]
[BlackElo "2670"]
[Result "1-0"]
[Round "1"]
1.e4 c5
2.Ng1f3 d6
3.d4 cxd4
4.Nf3xd4 Ng8f6
5.f3 e5
6.Nd4b3 Bc8e6
7.c4 a5
8.Bc1e3 Nb8c6
9.Nb1c3 Bf8e7
10.Qd1d2 a4
11.Nb3c1 O-O
12.Nc3d5  { time }
1-0

[Event "Tourn. n9286"]
[Site "www.chess-mail.com"]
[Date "2017.04.04"]
[Round "1"]
[White "Cal"]
[Black "Autmich"]
[WhiteElo "1560"]
[BlackElo "1690"]
[Result "0-1"]
[Round "1"]
1.Ng1f3 d5
2.d4 Nb8c6
3.h3 Ng8f6
4.a3 Bc8f5
5.Nb1c3 e6
6.Bc1g5 Bf8e7
7.e3 O-O
8.Bg5xf6 Be7xf6
9.Bf1d3 Bf5xd3
10.cxd3 Rf8e8
11.b4 e5
12.dxe5 Nc6xe5
13.Nf3xe5 Bf6xe5
14.d4 Be5f6
15.O-O b6
16.f3 Re8xe3
17.Ra1c1 c5
18.bxc5 bxc5
19.Nc3b5 cxd4
20.f4 Qd8b6
21.Nb5c7 Ra8d8
22.f5 Bf6e5
23.Nc7xd5 Rd8xd5
24.Qd1g4 d3
25.Rc1c8 Rd5d8
26.Rc8xd8 Qb6xd8
27.Qg4b4 h6
28.Qb4c5 Be5d4
29.Qc5c4 Re3e1
30.Kh2 Re1xf1
31.Kg3 Qd8g5
32.Kh2 Bd4e5
33.g3 Qg5xg3
{ resign }
0-1

[Event "Tourn. n9295"]
[Site "www.chess-mail.com"]
[Date "2017.04.04"]
[Round "1"]
[White "Add"]
[Black "Francesco"]
[WhiteElo "2170"]
[BlackElo "2070"]
[Result "1-0"]
[Round "1"]
1.e4 c5
2.Ng1f3 d6
3.h3 Nb8c6
4.c3 Ng8f6
5.d3 g6
6.Bc1e3 Bf8g7
7.Qd1b3 b6
8.Nb1d2 Bc8e6
9.Qb3c2 O-O
10.d4 cxd4
11.cxd4 Ra8c8
12.Qc2a4 Be6d7
13.Qa4a3 Rc8c7
14.Bf1d3 Qd8a8
15.Ra1c1 Rf8c8
16.O-O Qa8b7
17.Bd3a6 Qb7b8
18.Ba6xc8 Qb8xc8
19.b4 h6
20.d5 Nc6d8
21.Rc1xc7 Qc8xc7
22.Rf1c1 Qc7b8
23.Nf3d4 Kh7
24.Nd4c6 Nd8xc6
25.dxc6 Bd7e6
26.b5 Qb8c7
27.Be3f4 g5
28.Bf4h2 Nf6e8
29.Qa3d3 Kg8
30.a4 Bg7b2
31.Rc1b1 Bb2g7
32.Nd2b3 Bg7f6
33.Nb3d4 Ne8g7
34.Rb1e1 Ng7e8
35.f4 Be6c8
36.e5 dxe5
37.fxe5 Bf6g7
38.e6 Qc7d8
39.exf7 Kxf7
40.Qd3c4 Kf8
41.Nd4e6 Bc8xe6
42.Qc4xe6 Ne8c7
43.Re1f1 Bg7f6
44.Bh2xc7 Qd8xc7
45.Qe6d7 Qc7g3
46.c7 Qg3e3
47.Kh1 Qe3e2
48.c8Q Kf7
49.Qd7e8 Kg7
50.Qe8g8 { resign }
1-0

[Event "Tourn. n9293"]
[Site "www.chess-mail.com"]
[Date "2017.04.04"]
[Round "1"]
[White "Fabos12"]
[Black "Balbyns"]
[WhiteElo "1870"]
[BlackElo "1830"]
[Result "1/2-1/2"]
[Round "1"]
1.d4 d5
2.Ng1f3 Ng8f6
3.Bc1f4 Nb8c6
4.e3 e6
5.Bf1d3 Bf8d6
6.Bf4xd6 cxd6
7.Nb1d2 O-O
8.Qd1e2 e5
9.dxe5 dxe5
10.e4 Rf8e8
11.O-O dxe4
12.Nd2xe4 Bc8g4
13.Rf1d1 Nc6d4
14.Ne4xf6 Qd8xf6
15.Qe2e4 Bg4f5
16.Qe4xb7 Nd4xf3
17.gxf3 Bf5h3
18.Kh1 Ra8b8
19.Qb7e4 g6
20.b3 Re8d8
21.Bd3c4 Bh3f5
22.Rd1xd8 Rb8xd8
23.Qe4e2 e4
24.Ra1d1 Rd8xd1
25.Qe2xd1 Bf5h3
26.Bc4f1 Bh3xf1
27.Qd1xf1 Qf6xf3
28.Kg1 Qf3g4
29.Kh1 Qg4f3
{ draw }
1/2-1/2

[Event "Match"]
[Site "www.echecsemail.com"]
[Date "2017.04.04"]
[Round "1"]
[White "Chessington"]
[Black "Wd40"]
[WhiteElo "1499"]
[BlackElo "2459"]
[Result "1-0"]
[Round "1"]
1.Ng1f3 b6
2.g3 Bc8b7
3.Bf1g2 g6
4.O-O Bf8g7
5.d3 d5
6.Nb1d2 Ng8f6
7.e4 dxe4
8.dxe4 Nf6d7
9.e5 e6
10.Nd2b3 h6
11.h4 Qd8c8
12.Qd1e2 O-O
13.Bc1f4 Nb8c6
14.Ra1d1 a5
15.Nb3d4 Nd7c5
16.c3 Nc6xd4
17.cxd4 Nc5d7
18.Qe2e3 Kh7
19.h5 Ra8a7
20.hxg6 fxg6
21.Nf3h4 Bb7xg2
22.Kxg2 g5
23.Bf4xg5 hxg5
24.Qe3xg5 Rf8f7
25.f4 Nd7f8
26.f5 c6
27.f6 Kg8
28.Rf1f4 Qc8d8
29.Rd1h1 Nf8h7
30.Qg5g6 Nh7f8
31.Qg6g4 Qd8d5
32.Nh4f3 Nf8h7
33.Qg4h4 Bg7xf6
34.exf6 Qd5xa2
35.Qh4g4 Kf8
36.Nf3e5 { resign }
1-0

[Event "Match"]
[Site "www.echecsemail.com"]
[Date "2017.04.04"]
[Round "1"]
[White "Curtis73"]
[Black "Calponas"]
[WhiteElo "1859"]
[BlackElo "2010"]
[Result "0-1"]
[Round "1"]
1.e4 e6
2.d4 d5
3.Nb1c3 Ng8f6
4.Bc1g5 Bf8e7
5.e5 Nf6d7
6.h4 h6
7.Bg5xe7 Qd8xe7
8.Nc3b5 Qe7d8
9.Qd1g4 Rh8g8
10.Bf1d3 g6
11.Ng1e2 a6
12.Nb5c3 c5
13.h5 g5
14.Bd3g6 Qd8e7
15.Bg6d3 c4
16.Bd3xc4 dxc4
 { time }
0-1

[Event "Match"]
[Site "www.echecsemail.com"]
[Date "2017.04.04"]
[Round "1"]
[White "Raulazo"]
[Black "Pariolinius"]
[WhiteElo "1830"]
[BlackElo "2040"]
[Result "1-0"]
[Round "1"]
1.e4 d5
2.e5 Nb8c6
3.Ng1f3 Bc8g4
4.Bf1b5 e6
5.Bb5xc6 bxc6
6.h3 Bg4h5
7.O-O Ng8h6
8.d4 Nh6f5
9.g4 Bh5g6
10.gxf5 Bg6xf5
11.Bc1g5 Bf8e7
12.Bg5f4 O-O
13.Kh2 Ra8b8
14.b3 f6
15.Rf1g1 Kh8
16.Nb1d2 Bf5g6
17.Nd2f1 Bg6e4
18.Nf3d2 Be4f5
19.Qd1f3 Rf8g8
20.c4 dxc4
21.Nd2xc4 Qd8xd4
22.Ra1d1 Qd4c5
23.Bf4e3 Qc5b4
24.Be3d2 Qb4b5
25.Bd2e3 fxe5
26.Rd1d7 Be7f6
27.Rd7xc7 Rb8d8
28.Rc7xa7 e4
29.Qf3g3 Bf5g6
30.Ra7a5 Qb5b8
31.Be3a7 Qb8xg3
32.Nf1xg3 Rd8d3
33.Ba7c5 Rd3c3
34.Ng3e2 Rc3c2
35.Ne2f4 Bg6f5
36.Rg1g2 e5
37.Nf4h5 Bf6d8
38.Ra5a6 Rc2c3
39.Nh5g3 Bf5g6
40.Ra6xc6 Bd8f6
41.Rc6e6 Rc3c2
42.a4 Bf6g5
43.Re6xe5 Bg5f4
44.Re5d5 Rg8f8
45.Bc5xf8 { resign }
1-0

[Event "1/128 Finale"]
[Site "www.chess-mail.com"]
[Date "2017.04.04"]
[Round "1"]
[White "Genius9"]
[Black "Claudia"]
[WhiteElo "1610"]
[BlackElo "2140"]
[Result "0-1"]
[Round "1"]
1.d4 d5
2.c4 e6
3.Nb1c3 Bf8e7
4.cxd5 exd5
5.Bc1f4 c6
6.e3 Ng8f6
7.Ng1f3 O-O
8.Bf1e2 Bc8f5
9.O-O Nb8d7
10.Nf3e5 Nd7xe5
11.Bf4xe5 h6
12.Be2f3 Be7d6
13.Be5xd6 Qd8xd6
14.a3 Rf8e8
15.Rf1e1 Nf6e4
16.Bf3xe4 Bf5xe4
17.Nc3xe4 Re8xe4
 { time }
0-1

[Event "1/128 Finale"]
[Site "www.chess-mail.com"]
[Date "2017.04.04"]
[Round "1"]
[White "Amaya"]
[Black "Sunny"]
[WhiteElo "2100"]
[BlackElo "1809"]
[Result "1-0"]
[Round "1"]
1.d4 Ng8f6
2.e3 g6
3.Bf1d3 Bf8g7
4.Nb1d2 c5
5.c3 Qd8c7
6.f4 d5
7.Ng1f3 O-O
8.O-O Nb8d7
9.Nf3e5 Nf6e8
10.a3 Ne8d6
11.Qd1f3 Nd7f6
12.Bd3c2 Bc8f5
13.Bc2xf5 Nd6xf5
14.e4 dxe4
15.Nd2xe4 cxd4
16.Bc1d2 dxc3
17.Bd2xc3 Nf6d5
18.Ra1c1 Nd5xc3
19.Rc1xc3 Qc7b6
20.Kh1 Bg7xe5
21.fxe5  { time }
1-0

[Event "1/128 Finale"]
[Site "www.chess-mail.com"]
[Date "2017.04.04"]
[Round "1"]
[White "Chessington"]
[Black "Sunny"]
[WhiteElo "1499"]
[BlackElo "1809"]
[Result "1-0"]
[Round "1"]
1.Ng1f3 Ng8f6
2.g3 d5
3.Bf1g2 g6
4.O-O Bf8g7
5.c4 dxc4
6.Nb1a3 Bc8e6
7.Nf3g5 Be6d5
8.e4 Bd5c6
9.Na3xc4 h6
10.Ng5xf7 Kxf7
11.Nc4e5 Kg8
12.Ne5xg6 Nb8d7
13.Ng6xh8 Kxh8
14.Rf1e1 e5
15.d4 exd4
16.e5 Nf6g4
17.Qd1xg4  { time }
1-0

[Event "Fast Game"]
[Site "www.echecsemail.com"]
[Date "2017.04.04"]
[Round "1"]
[White "Hennie4820"]
[Black "Pellix84"]
[WhiteElo "1660"]
[BlackElo "1620"]
[Result "0-1"]
[Round "1"]
1.e4 c6
2.Ng1f3 d5
3.exd5 cxd5
4.d4 Nb8c6
5.Bf1b5 Bc8d7
6.O-O e6
7.Bc1g5 Ng8f6
8.c4 a6
9.Bb5a4 Bf8e7
10.cxd5 Nf6xd5
11.Bg5xe7 Qd8xe7
12.Nb1c3 Nd5f4
13.Qd1d2 Qe7f6
14.Rf1e1 O-O
15.Ra1c1 b5
16.Ba4b3 Nc6a5
17.Nc3e4 Qf6h6
18.Kh1 Na5xb3
19.axb3 Rf8c8
20.Ne4c5 Bd7c6
21.Nf3e5 Bc6xg2
22.Kg1 Qh6g5
23.f3 Nf4h3
{ resign }
0-1

[Event "Tourn. n9219"]
[Site "www.chess-mail.com"]
[Date "2017.04.05"]
[Round "1"]
[White "Mdesouza"]
[Black "Tartan"]
[WhiteElo "2310"]
[BlackElo "2400"]
[Result "0-1"]
[Round "1"]
1.e4 e6
2.d4 d5
3.Nb1c3 Ng8f6
4.e5 Nf6d7
5.f4 c5
6.Ng1f3 Nb8c6
7.Bc1e3 cxd4
8.Nf3xd4 Bf8c5
9.Nc3a4 Qd8a5
10.c3 Bc5xd4
11.Be3xd4 Nc6xd4
12.Qd1xd4 b6
13.b3 O-O
14.Bf1d3 Bc8a6
15.O-O Ba6xd3
16.Qd4xd3 Ra8c8
17.Qd3d1 b5
18.Na4b2 Rc8xc3
19.Ra1c1 Rc3xc1
20.Qd1xc1 Qa5xa2
21.Qc1c3 b4
22.Qc3c2 Nd7b6
23.f5 exf5
24.Rf1xf5 Rf8c8
25.Qc2f2 Rc8c1
{ resign }
0-1

[Event "Tourn. n9317"]
[Site "www.chess-mail.com"]
[Date "2017.04.05"]
[Round "1"]
[White "Autmich"]
[Black "Llcervello"]
[WhiteElo "1770"]
[BlackElo "1550"]
[Result "1-0"]
[Round "1"]
1.e4 e5
2.Ng1f3 f6
3.Nf3xe5 Qd8e7
4.Ne5f3 Qe7xe4
5.Bf1e2 d6
6.O-O g5
7.Be2b5 Kd8
8.Rf1e1 Qe4f5
9.Re1e8 { resign }
1-0

[Event "Tourn. n9279"]
[Site "www.chess-mail.com"]
[Date "2017.04.05"]
[Round "1"]
[White "Gambitplayer"]
[Black "Picifarkinca"]
[WhiteElo "1800"]
[BlackElo "1900"]
[Result "0-1"]
[Round "1"]
1.d4 d5
2.c4 e6
3.Nb1c3 Ng8f6
4.cxd5 exd5
5.Bc1g5 Bf8e7
6.e3 O-O
7.Ng1f3 c6
8.Bf1d3 h6
9.Bg5xf6 Be7xf6
10.O-O Bc8g4
11.Bd3e2 Nb8d7
12.h3 Bg4f5
 { time }
0-1

[Event "Tourn. n9305"]
[Site "www.chess-mail.com"]
[Date "2017.04.05"]
[Round "1"]
[White "Sorento"]
[Black "Pariolinius"]
[WhiteElo "1869"]
[BlackElo "2010"]
[Result "1-0"]
[Round "1"]
1.d4 Ng8f6
2.Ng1f3 c6
3.c4 e6
4.Nb1c3 Bf8b4
5.Qd1b3 a5
6.Bc1g5 O-O
7.e3 b6
8.Bf1d3 Bc8b7
9.a3 c5
10.axb4 Bb7xf3
11.gxf3 Nb8a6
12.bxc5 Na6b4
13.Nc3e4 Nb4xd3
14.Qb3xd3 Ra8c8
15.Ne4xf6 gxf6
16.Bg5h6 Rf8e8
17.Rh1g1 Kh8
18.Bh6g7 { resign }
1-0

[Event "Tourn. n9265"]
[Site "www.chess-mail.com"]
[Date "2017.04.05"]
[Round "1"]
[White "Nulladies"]
[Black "Cal"]
[WhiteElo "1780"]
[BlackElo "1610"]
[Result "0-1"]
[Round "1"]
1.d4 d5
2.Bc1f4 h6
3.Ng1f3 Nb8c6
4.e3 Ng8f6
5.Bf1d3 e6
6.c3 Bc8d7
7.Nb1d2 Bf8d6
8.Nf3e5 Bd6xe5
9.dxe5 Nf6g8
10.O-O Ng8e7
11.c4 d4
12.Qd1g4 Nc6b4
13.Qg4xg7 Rh8g8
14.Qg7h7 Nb4xd3
15.Qh7xd3 a6
16.Qd3h7 Bd7c6
17.g3 dxe3
18.Bf4xe3 Qd8d7
19.Ra1d1 O-O-O
20.Qh7xh6 Qd7d3
21.Qh6f4 Rd8f8
22.Nd2b3 Qd3h7
23.f3 Ne7f5
24.Rf1f2 Rg8g6
25.Nb3d4 Nf5xd4
26.Rd1xd4 f6
27.Kf1 Qh7h3
28.Ke2 Qh3h8
29.g4 fxe5
30.Qf4g3 b6
31.Rd4d2 b5
32.Be3c5 Rf8f4
33.Bc5e3 Rf4xc4
{ resign }
0-1

[Event "Tourn. n9253"]
[Site "www.chess-mail.com"]
[Date "2017.04.05"]
[Round "1"]
[White "Libiesse"]
[Black "Roque1"]
[WhiteElo "1780"]
[BlackElo "1830"]
[Result "1-0"]
[Round "1"]
1.d4 d5
2.c4 e6
3.Ng1f3 Ng8f6
4.Bc1g5 dxc4
5.Qd1a4 Bc8d7
6.Qa4xc4 Bf8d6
7.e4 O-O
8.e5 Bd6e7
9.exf6 Be7xf6
10.Bg5f4 Nb8c6
11.Nb1c3 Ra8c8
12.Bf1e2 a6
13.O-O b5
14.Qc4d3 Nc6b4
15.Qd3d2 c5
16.a3 Nb4d5
17.Nc3xd5 exd5
18.dxc5 Rc8xc5
19.Nf3d4 Rf8e8
20.Bf4e3 Bf6e5
21.Be2f3 Qd8h4
22.g3 Qh4f6
23.Bf3g2 Re8c8
24.f4 Be5d6
25.Ra1c1  { time }
1-0

[Event "Tourn. n9211"]
[Site "www.chess-mail.com"]
[Date "2017.04.05"]
[Round "1"]
[White "Mdesouza"]
[Black "Greghghs"]
[WhiteElo "2310"]
[BlackElo "2440"]
[Result "0-1"]
[Round "1"]
1.e4 c6
2.d4 d5
3.exd5 cxd5
4.c4 Ng8f6
5.Nb1c3 Nb8c6
6.Bc1g5 dxc4
7.d5 Nc6e5
8.Qd1d4 h6
9.Bg5xf6 exf6
10.f4 Ne5d3
11.Bf1xd3 cxd3
12.Qd4xd3 Bf8d6
13.Ng1e2 O-O
14.O-O Qd8b6
15.Kh1 Rf8e8
16.b3 Bc8d7
17.Ra1c1 Re8e3
18.Qd3d2 Bd6a3
19.Rc1d1 Ba3b4
20.Rf1f3 Re3xf3
21.gxf3 Qb6f2
22.Qd2d3 Bd7h3
23.Rd1g1 Bh3f1
24.Qd3e4 f5
25.Qe4d3 Bb4c5
26.Rg1g3 Ra8e8
27.Qd3b5 Re8xe2
28.Nc3xe2 Bf1xe2
29.Qb5e8 Kh7
30.Rg3xg7 Kxg7
31.Qe8e5 Kg6
{ resign }
0-1

[Event "Tourn. n9200"]
[Site "www.chess-mail.com"]
[Date "2017.04.05"]
[Round "1"]
[White "Nulladies"]
[Black "Crull"]
[WhiteElo "1740"]
[BlackElo "1820"]
[Result "0-1"]
[Round "1"]
1.d4 g6
2.Bc1f4 Bf8g7
3.Ng1f3 d5
4.e3 Ng8f6
5.Nb1d2 O-O
6.c4 Nb8d7
7.Ra1c1 Rf8e8
8.Bf1d3 c6
9.h4 Nf6h5
10.g4 Nh5xf4
11.exf4 Nd7f6
12.Nf3e5 Qd8b6
13.b3 Qb6xd4
14.Bd3e2 Qd4xf4
15.Ne5d3 Qf4d4
16.Nd2f3 Qd4xg4
17.Rh1g1 Qg4e4
18.Nd3c5 Qe4f4
19.Nc5d3 Qf4d6
20.c5 Qd6c7
21.Nd3e5 Qc7a5
22.Kf1 Bc8h3
23.Rg1g2 Bh3xg2
24.Kxg2 Qa5xa2
25.Ne5d3 Nf6h5
26.Nf3e5 Bg7xe5
27.Nd3xe5 Nh5f4
28.Kf1 Qa2b2
29.Ne5d3 Nf4xd3
30.Be2xd3 e5
31.Rc1b1 Qb2c3
32.Rb1c1 Qc3d4
33.h5 e4
34.Bd3e2 Qd4f6
35.hxg6 fxg6
36.b4 Re8e5
37.Qd1d4 Ra8e8
38.b5 Qf6g5
39.Rc1b1 Qg5f5
40.bxc6 bxc6
41.Rb1b3 e3
42.f3 Re5e4
{ resign }
0-1

[Event "Match"]
[Site "www.echecsemail.com"]
[Date "2017.04.05"]
[Round "1"]
[White "Bojan"]
[Black "Ssharp"]
[WhiteElo "2030"]
[BlackElo "2230"]
[Result "0-1"]
[Round "1"]
1.e4 e5
2.Ng1f3 Ng8f6
3.Nf3xe5 d6
4.Ne5f3 Nf6xe4
5.Qd1e2 Qd8e7
6.d3 Ne4f6
7.Bc1g5 Bc8e6
8.Nf3d4 Nb8d7
9.Nb1c3 O-O-O
10.Nd4xe6 fxe6
11.d4 h6
12.Bg5e3 Kb8
13.f3 g5
14.h3 Bf8g7
15.g4 Qe7f7
16.Qe2c4 Nd7b6
17.Qc4b3 Nf6d5
18.Nc3xd5 exd5
19.Bf1g2 Nb6c4
20.O-O-O Rd8e8
21.Rd1d3 Nc4xe3
22.Rd3xe3 Qf7f4
23.Kd2 Bg7xd4
24.Rh1e1 Re8xe3
{ resign }
0-1

[Event "Match"]
[Site "www.echecsemail.com"]
[Date "2017.04.05"]
[Round "1"]
[White "Lightning"]
[Black "Norwich"]
[WhiteElo "1499"]
[BlackElo "1720"]
[Result "1-0"]
[Round "1"]
1.d4 d5
2.c4 e6
3.Nb1c3 c5
4.cxd5 cxd4
5.Qd1a4 Bc8d7
6.Qa4xd4 exd5
7.Qd4xd5 Nb8c6
8.Ng1f3 Ng8f6
9.Qd5d1 Bf8c5
10.e3 O-O
11.Bf1e2 Qd8e7
12.O-O Bd7e6
13.a3 Rf8d8
14.Qd1c2 Ra8c8
15.Rf1d1 Bc5b6
16.Rd1xd8 Rc8xd8
17.b4 a6
18.Bc1b2 h6
19.Ra1d1 Rd8xd1
20.Qc2xd1 Be6g4
21.Nc3d5 Nf6xd5
22.Qd1xd5 Bg4e6
23.Qd5d2 Qe7d7
24.Qd2xd7 Be6xd7
25.Nf3e5 Nc6xe5
26.Bb2xe5 f6
27.Be2c4 Kf8
28.Be5d6 Ke8
29.Bc4d5 Bd7c6
30.Bd5xc6 bxc6
31.Kf1 Kd7
32.Bd6f8 g5
33.Bf8xh6 Ke6
34.Bh6f8 Bb6c7
35.Bf8c5 Bc7e5
36.h3 f5
37.Ke2 Kd5
38.Kd3 f4
39.e4  { time }
1-0

[Event "Match"]
[Site "www.echecsemail.com"]
[Date "2017.04.05"]
[Round "1"]
[White "Coraza8091"]
[Black "Luke1302"]
[WhiteElo "1570"]
[BlackElo "1449"]
[Result "0-1"]
[Round "1"]
1.c4 e5
2.Nb1c3 Qd8e7
3.e4 b6
4.Nc3d5 Qe7d6
5.Ng1f3 f6
6.a3 Bc8b7
7.b4 Bb7c6
8.b5 Bc6xd5
9.cxd5 a6
10.Bf1c4 axb5
11.Bc4xb5 Ng8h6
12.d4 c5
13.dxc6 dxc6
14.Bb5c4 b5
15.Bc4b3 b4
16.Bc1d2 g5
17.Bd2xb4 c5
18.Bb4xc5 Qd6a6
19.Bc5xf8 Rh8xf8
20.Bb3d5 Qa6a5
21.Nf3d2 Nh6g4
22.O-O exd4
23.Nd2c4 Qa5c3
24.Qd1xg4 Nb8a6
 { time }
0-1

[Event "Match"]
[Site "www.echecsemail.com"]
[Date "2017.04.05"]
[Round "1"]
[White "Fangshuo"]
[Black "Azorau"]
[WhiteElo "2060"]
[BlackElo "1770"]
[Result "1-0"]
[Round "1"]
1.e4 e5
2.Ng1f3 Nb8c6
3.Nb1c3 Ng8f6
4.d4 exd4
5.Nf3xd4 Bf8c5
6.Bc1e3 Bc5b4
7.Bf1d3 O-O
8.Qd1d2 Rf8e8
9.O-O-O Nf6xe4
10.Bd3xe4 Re8xe4
11.Qd2d3 Re4g4
12.g3 Nc6e5
13.Qd3b5 Ne5c6
14.Nd4xc6 bxc6
15.Qb5xc6 Ra8b8
16.Be3xa7 Qd8g5
17.Ba7e3 Qg5e7
18.Qc6xc7 Rb8a8
19.Nc3d5 Qe7f8
20.Kb1 Bb4d6
21.Qc7c3 Bc8a6
22.f4 Ra8c8
23.Qc3a5 Ba6e2
24.Rd1e1 Be2f3
25.Rh1f1 Bf3e4
26.Nd5c3 Bd6c7
27.Qa5h5 Rg4g6
28.Nc3xe4 Rg6h6
29.Qh5e2 Bc7a5
30.Re1d1 Qf8e7
31.Be3c1 Rh6e6
32.Rd1d4 Ba5b6
33.Rd4a4 f5
34.Qe2a6 Bb6d8
35.Qa6xc8 fxe4
36.Bc1e3 Kf7
37.Rf1d1 Re6d6
38.Rd1xd6 Qe7xd6
39.Qc8xd8 { resign }
1-0